000 00579nam a22001937a 4500
003 KOHA_MİRAKIL
005 20251218102630.0
008 251218b tu ||||| |||| 00| 0 tur d
020 _a9786259409788
040 _aTR-AnABB
_btur
_cTR-AnABB
041 _atur
082 _a956.10235622
_bSER 2024
100 1 _aSert, Ahmet,
245 1 0 _a1923-1960 Döneminde sosyal, siyasi, ekonomik açıdan Balıkesir /
_cAhmet Sert
260 _aİstanbul :
_bBalıkesir Büyükşehir Belediyesi,
_c2024
300 _a301 sayfa ;
_c24 cm
650 0 4 _aTarih
942 _2ddc
_cBK
999 _c9758
_d9758
900 _bGizem YORULMAZ